00211nam a2200097 4500020001500000082002000015100002100035245001000056260003900066300000800105 a955230766x a579 PATb007576 aPathirana,P.S.K. aAlgae bOpen University Of Sri Lankac2003 a114